Pays d'Afrique de M à Z. - Statistiques

Statistiques générales
  • Ce quiz a été pris 207 fois
  • Le résultat moyen est 23 sur 28
Statistiques - réponses
Réponse % Correct
Zambie
96%
Zimbabwe
95%
Mauritanie
92%
Mali
89%
Maroc
89%
Mozambique
89%
Niger
89%
Nigeria
89%
Soudan
87%
Madagascar
86%
Soudan du Sud
85%
Rwanda
84%
Ouganda
83%
Namibie
82%
Sénégal
82%
Somalie
82%
Togo
82%
Malawi
81%
Tchad
79%
Tanzanie
78%
République démocratique du Congo
76%
Tunisie
76%
Maurice
72%
République du Congo
72%
Seychelles
71%
Sierra Leone
70%
République centrafricaine
63%
São Tomé-et-Principe
63%
Aucun quiz correspondant
Distribution des résultats
% des personnes avec chaque résultat
Percentile par nombre de réponses
Votre historique - résultats
Vous n’avez pas pris ce quiz